000 01052cam a2200217 4500
001 ##L135533
008 061106n 000 0 eng u
035 _a(Sirsi) u135533
041 _aeng
110 1 _aUnited Kingdom
_bDepartment for Communities and Local Government
_94939
245 0 0 _aThameslink 2000 planning documents
520 _aWebsite providing links to the key planning documents: SoS Communities and Local Government/SoS Transport's decision letter (19 October 2006), the Thameslink 2000 planning inquiry report (17 February 2006) and the addendum report (6 June 2006).
590 _aIKA141106
650 2 4 _aTHAMESLINK 2000
650 2 4 _aPLANNING (LISTED BUILDINGS AND CONSERVATION AREAS) ACT 1990
650 2 4 _aTOWN AND COUNTRY PLANNING ACT 1990
651 4 _aLONDON
690 _aENVIRONMENTAL AND LAND CONSULTANCY-PLANNING AND DEVELOPMENT-DEVELOPMENT CONTROL-PLANNING APPLICATIONS
856 4 0 _uhttps://www.communities.gov.uk/index.asp?id=1503763
_zView the website free of charge at www.communities.gov.uk...
942 _n0
999 _c120534
_d120534